000 01418cam a2200433 4500
001 20631803
003 NUST
005 20220318121140.0
008 180611s2018 ii b 000 0 eng d
010 _a 2018315255
020 _a9789352779338
_q(P-ISBN)
020 _a9352779339
020 _z9789352779345
_q(E-ISBN)
025 _aI-E-2018315255; 63-09
035 _a(OCoLC)on1039398651
035 _a(OCoLC)1039398651
037 _bLibrary of Congress -- New Delhi Overseas Office
038 _aSAIF
040 _aYDX
_beng
_cYDX
_dDKAGE
_dOCLCF
_dDLC
042 _alccopycat
_alcode
043 _aa-pk---
050 0 0 _aDS382
_b.D48 2018
082 0 4 _a954.91
_223
_bDEV
100 1 _aDevasher, Tilak,
_eauthor.
_990663
245 1 0 _aPakistan at the helm /
_cTilak Devasher.
264 1 _aNoida, Uttar Pradesh, India :
_bHarperCollins Publishers India,
_c2018.
300 _axxxiii, 309 pages ;
_c22 cm
336 _atext
_btxt
_2rdacontent
337 _aunmediated
_bn
_2rdamedia
338 _avolume
_bnc
_2rdacarrier
504 _aIncludes bibliographical references (pages 270-309).
530 _aAlso available as an e-book.
563 _aH.B
651 0 _aPakistan
_xPolitics and government.
651 0 _aPakistan
_xHistory.
906 _a7
_bcbc
_ccopycat
_d3
_encip
_f20
_gy-gencatlg
942 _2ddc
_cBK
999 _c588855
_d588855